Allfinanz-Preispolitik ist notwendig.
Výhody rozširovania finančných služieb finančných ústavov na komplexné služby. Hodnotenie poskytovania komplexných finančných služieb zákazníkmi a ich výhodnosť pre banky. Cenová výhodnosť komplexných služieb a koncipovanie cenovej politiky pri všefinančných službách. Možnosti získania nových zákazn...
Gespeichert in:
| 1. Verfasser: | |
|---|---|
| Format: | Buchkapitel |
| Sprache: | Deutsch |
| Schlagworte: | |
| Tags: |
Keine Tags, Fügen Sie das erste Tag hinzu!
|
MARC
| LEADER | 00000naa a2200000 4500 | ||
|---|---|---|---|
| 001 | r010310 | ||
| 005 | 20221130113423.3 | ||
| 041 | 0 | |a ger | |
| 044 | |a DE | ||
| 245 | 1 | 0 | |a Allfinanz-Preispolitik ist notwendig. |c J. Singer |
| 520 | |a Výhody rozširovania finančných služieb finančných ústavov na komplexné služby. Hodnotenie poskytovania komplexných finančných služieb zákazníkmi a ich výhodnosť pre banky. Cenová výhodnosť komplexných služieb a koncipovanie cenovej politiky pri všefinančných službách. Možnosti získania nových zákazníkov a ich pevnejšieho spojenia s bankou. | ||
| 610 | 2 | 0 | |a banky |
| 610 | 2 | 0 | |a služby |
| 610 | 2 | 0 | |a ceny |
| 610 | 2 | 0 | |a zákazníci |
| 100 | 1 | |a Singer, J. | |